00345nam a22001457a 4500003000500000005001700005020001500022024001900037038001200056082001700068100002700085245003900112260003500151300001300186NUST20191226123849.0 a0978069552 a978-0978069551 aMSOHAIL a891.43930876 aMusharraf Ali Farooqi  aHoshruba: The Land and the Tilism  aNew DelhibRandam Housecc2009 a447;p;xv